000 00367nam a2200157Ia 4500
008 240830s1919 xx 000 0 und d
041 _ahin
082 _a1
100 _aSARASWATINADAN
245 _aVARNJAL-CHIKITS SHIKASHAK
250 _a2
260 _aSANGALI
_bN.D.
_c1919
300 _a100p
906 _aVARNJAL-CHIKITS SHIKASHAK
999 _c1183894
_d1183894